[Event "Collado Villalba op-A 27th"]
[Site "Collado Villalba"]
[Date "2010.08.23"]
[Round "4"]
[White "Bhat, Vinay S"]
[Black "Ootes, Lars"]
[Result "0-1"]
[WhiteElo "2536"]
[BlackElo "2315"]
[PlyCount "80"]
[EventDate "2010.08.20"]
[EventType "swiss"]
[EventRounds "10"]
[EventCountry "ESP"]
[SourceTitle "CBM 138 Extra"]
[Source "ChessBase"]
[SourceDate "2010.10.29"]
[SourceVersion "1"]
[SourceVersionDate "2010.10.29"]
[SourceQuality "1"]

1. d4 Nf6 2. c4 g6 3. Nc3 Bg7 4. e4 d6 5. Nf3 0-0 6. Be2 Nbd7 7. 0-0 e5 8. Be3 Re8 9. d5 Nh5 10. Re1 Bf8 11. b4 Ng7 12. Nd2 Be7 13. Nb3 f5 14. f3 f4 15. Bf2 Bh4 16. Bxh4 Qxh4 17. c5 a6 18. Na4 g5 19. Rc1 Rf8 20. Rc3 Nf6 21. cxd6 g4 22. Nd2 g3 23. h3 Bxh3 24. gxh3 Qxh3 25. Nf1 cxd6 26. Nb6 Rad8 27. Qd2 Nd7 28. Nxd7 Qxd7 29. Rec1 Ne8 30. Qc2 b5 31. Kg2 Rf6 32. Bd1 Rh6 33. Kg1 Qa7+ 34. Kg2 Kf8 35. Qd2 Rd7 36. Rc8 Rg7 37. Bb3 Qd7 38. Kg1 g2 39. Ne3 Rh1+ 40. Kf2 fxe3+ 0-1

[Event "Collado Villalba op-A 27th"]
[Site "Collado Villalba"]
[Date "2010.08.22"]
[Round "3"]
[White "Oms Fuentes, Lluis"]
[Black "Bhat, Vinay S"]
[Result "1/2-1/2"]
[WhiteElo "2360"]
[BlackElo "2536"]
[PlyCount "110"]
[EventDate "2010.08.20"]
[EventType "swiss"]
[EventRounds "10"]
[EventCountry "ESP"]
[SourceTitle "CBM 138 Extra"]
[Source "ChessBase"]
[SourceDate "2010.10.29"]
[SourceVersion "1"]
[SourceVersionDate "2010.10.29"]
[SourceQuality "1"]

1. e4 e6 2. d4 d5 3. e5 c5 4. Nf3 Nc6 5. Bd3 cxd4 6. 0-0 Nge7 7. Bf4 Ng6 8. Bg3 Be7 9. a3 0-0 10. b4 a6 11. Nbd2 f5 12. h3 Bd7 13. Re1 Qb6 14. Nb3 Rfc8 15. Rb1 a5 16. bxa5 Qa7 17. Ra1 Nxa5 18. a4 Nc4 19. Nfxd4 Qc5 20. Nf3 Qb6 21. a5 Nxa5 22. Rb1 Bb4 23. Rf1 Nc6 24. Bxf5 Nf8 25. Bd3 Be8 26. Nbd4 Bh5 27. Nxc6 Rxc6 28. Bf4 Qa5 29. Be3 Rc7 30. Bd4 Rd7 31. c3 Be7 32. g4 Bg6 33. Ne1 Rc8 34. f4 Be4 35. Rb5 Qd8 36. Qe2 Qe8 37. Bxe4 dxe4 38. Ng2 Rdc7 39. Rfb1 Bc5 40. Qxe4 Bxd4+ 41. cxd4 Rc2 42. Rxb7 R8c3 43. Ra7 Qg6 44. f5 Qh6 45. Qb7 Rxg2+ 46. Qxg2 Qf4 47. Rf1 Qxd4+ 48. Qf2 Qxe5 49. Qf4 Qc5+ 50. Qf2 Qe5 51. Qf4 Qc5+ 52. Qf2 Qe5 53. Kg2 Qe4+ 54. Kg1 Qe5 55. Re1 Rg3+ 1/2-1/2

[Event "Collado Villalba op-A 27th"]
[Site "Collado Villalba"]
[Date "2010.08.20"]
[Round "1"]
[White "Saenz Narciso, Miguel Angel"]
[Black "Bhat, Vinay S"]
[Result "0-1"]
[WhiteElo "2121"]
[BlackElo "2536"]
[PlyCount "70"]
[EventDate "2010.08.20"]
[EventType "swiss"]
[EventRounds "10"]
[EventCountry "ESP"]
[SourceTitle "CBM 138 Extra"]
[Source "ChessBase"]
[SourceDate "2010.10.29"]
[SourceVersion "1"]
[SourceVersionDate "2010.10.29"]
[SourceQuality "1"]

1. e4 e5 2. Nf3 Nc6 3. Nc3 Nf6 4. g3 Bc5 5. Bg2 d6 6. d3 a6 7. 0-0 0-0 8. h3 h6 9. Nh4 Nd4 10. Ne2 Re8 11. Nxd4 Bxd4 12. Qf3 Bc5 13. Nf5 Kh7 14. g4 Ng8 15. g5 Rf8 16. Qg3 h5 17. Bf3 g6 18. Bxh5 Bxf5 19. exf5 Ne7 20. fxg6+ fxg6 21. Bg4 Kg7 22. Be3 Nc6 23. Bxc5 dxc5 24. h4 Rf4 25. Rae1 Qd6 26. Re4 Raf8 27. Rxf4 exf4 28. Qh2 Ne5 29. f3 c4 30. dxc4 Nxc4 31. Qe2 Ne3 32. Rf2 Rd8 33. Qe1 Qb6 34. Qc3+ Kh7 35. Kh2 Nxg4+ 0-1

[Event "Badalona op 36th"]
[Site "Badalona"]
[Date "2010.08.04"]
[Round "3"]
[White "Bhat, Vinay S"]
[Black "Vidarte Morales, Arturo"]
[Result "1/2-1/2"]
[WhiteElo "2536"]
[BlackElo "2409"]
[PlyCount "47"]
[EventDate "2010.08.02"]
[EventType "swiss"]
[EventRounds "9"]
[EventCountry "ESP"]
[SourceTitle "CBM 137 Extra"]
[Source "ChessBase"]
[SourceDate "2010.09.01"]
[SourceVersion "1"]
[SourceVersionDate "2010.09.01"]
[SourceQuality "1"]

1. d4 Nf6 2. c4 g6 3. Nc3 d5 4. cxd5 Nxd5 5. e4 Nxc3 6. bxc3 Bg7 7. Bc4 0-0 8. Ne2 Nc6 9. 0-0 b6 10. Bg5 Bb7 11. Qd2 Qd7 12. Rac1 Na5 13. Bd3 c5 14. d5 e6 15. c4 exd5 16. exd5 Ba6 17. Bh6 Rfe8 18. Bxg7 Kxg7 19. Ng3 Qe7 20. Qc2 Qf6 21. Rfd1 Rad8 22. Nf1 Bc8 23. Ne3 Bd7 24. Bf1 1/2-1/2